00421nam a2200145Ia 4500003000400000008004100004040001600045082001700061100001800078245008700096260005100183300001000234650001500244650001600259GCL140319s9999 xx 000 0 eng d aGCL / cGCL04a612.001bB P1 aBURTON, R. F.10aPHYSIOLOGY BY NUMBERS: AN ENCOUREGEMENT TO QUANTITATIVE THINKING / cBURTON, R. F. a[S.N] : bCAMBRIBGE UNIVERSITY PRESS ، c1994 a185 P04aPHYSIOLOGY04aMATHEMATICS